000 00441nam a2200157Ia 4500
008 240729s9999 xx 000 0 und d
022 _a2543-6155
245 0 _aInternational Journal of Research in E-Learning
260 _aPoland
260 _bUniversity of Silesia Press
650 _a Education (General)
650 _aEducation
856 _uhttps://doaj.org/toc/b98df8a1e7094462b2991e8e44c4a309
942 _2ddc
942 _cDOAJEJ
999 _c73367
_d73367
945 _a1
_bMadushi Gamage
_c1
_dMadushi Gamage